Przystanki tramwajowe w Szczecinie 2026 - Statystyki

Ogólne statystyki
  • Ten quiz został rozwiązany 113 razy
    33 od ostatniego zresetowania
  • Średni wynik to 48 z 107
Statystyki odpowiedzi
linie przystanek % Poprawnych
1, 2, 3, 4, 5, 10, 11 Plac Rodła
92%
1, 2, 3, 7, 8, 9, 10 Brama Portowa
88%
1, 2, 3, 4, 10, Plac Żołnierza Polskiego
75%
3, 6 Pomorzany
75%
5, 7, 9 Bohaterów Warszawy
71%
9, 10, 7 Głębokie
71%
5, 6, 11 Stocznia Szczecińska
71%
7, 9 Turzyn
71%
2, 7, 8 Basen Górniczy
67%
3, 6 Kolumba
67%
1, 4, 5 Plac Grunwaldzki
67%
4, 7, 8, 9, 10 Plac Kościuszki
67%
1, 9 Potulicka
67%
2, 3, 10, 11 Rayskiego
67%
2, 7, 8 Turkusowa
67%
2, 6, 7, 8 Wyszyńskiego
67%
2, 7, 8 Energetyków
63%
8, 10 Gumieńce
63%
2, 3, 10, 11 Kołłątaja
63%
1, 4, 5 Plac Szarych Szeregów
63%
4 Szpitalna
63%
1, 4 Filharmonia
58%
8, 10 Ku Słońcu
58%
1, 3, 5, 7 Osiedle Zawadzkiego
58%
4 Plac Szyrockiego
58%
6 Wały Chrobrego
58%
3, 6 Dworzec Główny
54%
2, 11 Niemcewicza
54%
1, 3, 7 Arena Szczecin
50%
2, 7, 8 Celna
50%
2, 11 Dworzec Niebuszewo
50%
1 Felczaka
50%
6 Gocław
50%
2, 7, 8 Jaśminowa ZUS
50%
5, 7 Karłowicza
50%
3, 10 Las Arkoński
50%
1, 9 Plac Zawiszy
50%
7, 8, 9, 10 Plac Zwycięstwa
50%
5, 7 Wernyhory
50%
5, 7 Żołnierska
50%
3, 10 Arkońska Szpital
46%
5, 7 Brzozowskiego
46%
2, 7, 8 Hangarowa
46%
5, 7 Krzekowo
46%
5, 11 Matejki
46%
4 Narutowicza
46%
4, 5 Piastów
46%
3 Plac Tobrucki
46%
1, 3, 9, 10, 7 Rondo Olszewskiego
46%
1, 3, 7 Szafera
46%
1, 9 Unii Lubelskiej
46%
5, 7, 9 Wawrzyniaka
46%
8, 10 Karola Miarki
42%
6, 11 Ludowa
42%
5, 11 Parkowa
42%
2, 3, 10, 11 Plac Witosa
42%
3, 10 Stadion Arkonia
42%
3, 6 Świętego Józefa
42%
3, 6 Tama Pomorzańska
42%
5, 6, 11 Dubois
38%
9, 10, 7 Kasyno
38%
5, 7 Konopnickiej
38%
1, 9 Łękno
38%
5, 7 Modra
38%
2, 7, 8 Parnica
38%
1 Piotra Skargi
38%
2, 7, 8 Port Centralny
38%
8, 10 Sikorskiego
38%
3, 6 Smolańska
38%
8, 10 Szkoła Salezjańska
38%
4 Szwoleżerów
38%
3, 10 Wszystkich Świętych
38%
1, 9 Zajezdnia Pogodno
38%
1, 9 Bogumiły
33%
8, 10 Cmentarz Centralny
33%
6 Dworcowa
33%
9, 10, 7 Goplana
33%
3, 10 Krasińskiego
33%
8, 10 Kwiatowa
33%
2, 3, 10, 11 Lubomirskiego
33%
2, 7, 8 Merkatora
33%
3, 10 Międzyparkowa
33%
3, 10 Muzeum Techniki
33%
3, 10 Niemierzyńska Technopark
33%
8, 10 Osiedle Akademickie
33%
9 Plac Gałczyńskiego
33%
5, 7 Poniatowskiego
33%
3, 10 Wojciechowskiego
33%
5, 6, 11 Antosiewicza
29%
8, 10 Kręta
29%
1, 9 Sowińskiego
29%
4 Starkiewicza
29%
3, 10 Tatrzańska
29%
6 Teatr Polski
29%
3, 6 Zapadła
29%
2, 11 Boguchwały
25%
6 Lipowa
25%
6 Światowida
25%
9, 10, 7 Tor Kolarski
25%
6, 11 Zajezdnia Golęcin
25%
6, 11 Lubeckiego
21%
4 Osiedle Polonia
21%
11 Stocznia Remontowa
21%
6 Bulwar Piastowski
17%
6, 11 Dobromiry
17%
6, 11 Robotnicza
17%
6 Strzałowska
13%
Nie znaleziono quizów pasujących do podanych kryteriów
Rozkład punktacji
Procent ludzi z każdym wynikiem
Percentyl według liczby udzielonych odpowiedzi
Twoja historia wyników
Nie rozwiązałeś tego quizu od ostatniego zresetowania